La réveil national carélien

Elmentve itt :
Bibliográfiai részletek
Szerző: Castagné Joseph
Dokumentumtípus: Cikk
Megjelent: 1927
Sorozat:Revue des études hongroises et finno-ougriennes 5
Kulcsszavak:Történelemtudomány
Online Access:http://acta.bibl.u-szeged.hu/25338
LEADER 00624nab a2200181 i 4500
001 acta25338
005 20210720144955.0
008 161017s1927 hu o 0|| fre d
022 |a 1166-9667 
040 |a SZTE Egyetemi Kiadványok Repozitórium  |b hun 
041 |a fre 
100 1 |a Castagné Joseph 
245 1 3 |a La réveil national carélien  |h [elektronikus dokumentum] /  |c  Castagné Joseph 
260 |c 1927 
300 |a 346-359 
490 0 |a Revue des études hongroises et finno-ougriennes  |v 5 
695 |a Történelemtudomány 
856 4 0 |u http://acta.bibl.u-szeged.hu/25338/1/etudes_hongroises_005_346-359.pdf  |z Dokumentum-elérés